Bách khoa thư Hà Nội Kỉ niệm 1000 năm Thăng Long - Hà Nội 1010 - 2010 T.18 Thể dục - Thể thao
Tổng quan hoạt động thể dục thể thao qua các thời kỳ lịch sử. Giới thiệu sự phát triển của các hoạt động thể dục thể thao Hà Nội qua các thời kỳ phong kiến, thực dân Pháp đô hộ và từ Cách mạng Tháng Tám đến nay. Một số loại hình thể dục thể thao ở Hà Nội...
Saved in:
| Main Author: | |
|---|---|
| Other Authors: | , , , |
| Format: | Book |
| Language: | Vietnamese |
| Published: |
H.
Văn hóa thông tin
2009
|
| Series: | Viện nghiên cứu và phổ biến kiến thức bách khoa
|
| Subjects: | |
| Tags: |
Add Tag
No Tags, Be the first to tag this record!
|
| Institutions: | Mạng thư viện Đại học Đà Nẵng |
|---|
| LEADER | 01951nam a2200433 4500 | ||
|---|---|---|---|
| 001 | 000009659 | ||
| 003 | 5856 | ||
| 005 | 20111031111051.0 | ||
| 008 | 111031s2009 viesd | ||
| 020 | |c 115000 | ||
| 041 | 0 | |a vie | |
| 082 | |a 039 |b Bac | ||
| 100 | 0 | |a Đoàn Thành Lâm |e Chủ biên | |
| 245 | 1 | 0 | |a Bách khoa thư Hà Nội |b Kỉ niệm 1000 năm Thăng Long - Hà Nội 1010 - 2010 |c Đoàn Thành Lâm (ch.b.), Dương Nghiệp Chí, Trần Phúc Phong, Nguyễn Hữu Quỳnh |n T.18 |p Thể dục - Thể thao |
| 260 | |a H. |b Văn hóa thông tin |c 2009 | ||
| 300 | |a 210tr. |c 27 cm | ||
| 490 | |a Viện nghiên cứu và phổ biến kiến thức bách khoa | ||
| 500 | |a Ủy ban nhân dân thành phố Hà Nội | ||
| 504 | |a Phụ lục: tr. 167-206. - Thư mục: tr. 207-208 | ||
| 520 | |a Tổng quan hoạt động thể dục thể thao qua các thời kỳ lịch sử. Giới thiệu sự phát triển của các hoạt động thể dục thể thao Hà Nội qua các thời kỳ phong kiến, thực dân Pháp đô hộ và từ Cách mạng Tháng Tám đến nay. Một số loại hình thể dục thể thao ở Hà Nội | ||
| 653 | |a Thể dục | ||
| 653 | |a Thể thao | ||
| 653 | |a Bách khoa thư | ||
| 700 | |a Đoàn Thanh Lâm |e Chủ biên | ||
| 700 | |a Dương Nghiệp Chí |e B.s | ||
| 700 | |a Trần Phúc Phong |e B.s | ||
| 700 | |a Nguyễn Hữu Quỳnh |e B.s | ||
| 773 | |t Bách khoa thư Hà Nội |w 5800 | ||
| 910 | |a duyên | ||
| OWN | |a LSP | ||
| AVA | |a UDN50 |b LSP |d 039 Bac |e unavailable |t Error 5002 Not defined in file expand_doc_bib_avail. |f 1 |g 1 |h N |i 0 |k 1 | ||
| 999 | |a From the UDN01 | ||
| AVA | |a UDN50 |b LSP |d 039 Bac |e unavailable |t Error 5002 Not defined in file expand_doc_bib_avail. |f 1 |g 1 |h N |i 0 |k 1 | ||
| TYP | |a Monograph | ||
| TYP | |a Printed language | ||
| 980 | |a Mạng thư viện Đại học Đà Nẵng | ||